| 000 | 00443cam a2200193ua 4500 | ||
|---|---|---|---|
| 001 | 8583 | ||
| 005 | 20260515114342.0 | ||
| 008 | 150206n ii |||gr||||Z||||||eng | ||
| 040 | _cMAIN | ||
| 041 | _aeng | ||
| 082 | _a824 | ||
| 100 |
_aRussell, B., _eAuthor. |
||
| 245 | 1 |
_aUnpopular essays _cBy Bertrand Russell |
|
| 250 | _a4th rev. | ||
| 260 |
_aNew Delhi: _bUnique, _c1998. |
||
| 300 | _a246p. | ||
| 653 | _aEnglish essays | ||
| 942 | _cBK | ||
| 999 |
_c7677 _d7677 |
||